<?xml version="1.0" encoding="UTF-8"?>
<record
    xmlns:xsi="http://www.w3.org/2001/XMLSchema-instance"
    xsi:schemaLocation="http://www.loc.gov/MARC21/slim http://www.loc.gov/standards/marcxml/schema/MARC21slim.xsd"
    xmlns="http://www.loc.gov/MARC21/slim">

  <leader>00763nam a22002177a 4500</leader>
  <controlfield tag="005">20160406104849.0</controlfield>
  <datafield tag="010" ind1=" " ind2=" ">
    <subfield code="a">1516ENO7  ENG-114603</subfield>
  </datafield>
  <datafield tag="020" ind1=" " ind2=" ">
    <subfield code="a">9789350716656</subfield>
    <subfield code="c">715.00</subfield>
  </datafield>
  <datafield tag="035" ind1=" " ind2=" ">
    <subfield code="a">EN-98135</subfield>
  </datafield>
  <datafield tag="035" ind1=" " ind2=" ">
    <subfield code="a">B-607049-061</subfield>
  </datafield>
  <datafield tag="037" ind1=" " ind2=" ">
    <subfield code="a">dpl</subfield>
    <subfield code="b">Variety/Ven</subfield>
  </datafield>
  <datafield tag="037" ind1=" " ind2=" ">
    <subfield code="b">DBAD/PUB</subfield>
  </datafield>
  <datafield tag="082" ind1=" " ind2=" ">
    <subfield code="a">332.632</subfield>
  </datafield>
  <datafield tag="245" ind1=" " ind2=" ">
    <subfield code="a">Intoduction to financial planning </subfield>
  </datafield>
  <datafield tag="250" ind1=" " ind2=" ">
    <subfield code="a">3rd ed</subfield>
  </datafield>
  <datafield tag="260" ind1=" " ind2=" ">
    <subfield code="a">New Delhi</subfield>
    <subfield code="b">Taxmann Publications</subfield>
    <subfield code="c">2015(repr.)</subfield>
  </datafield>
  <datafield tag="270" ind1=" " ind2=" ">
    <subfield code="a">59/32, New Rohtak Road,</subfield>
    <subfield code="b">New Delhi</subfield>
    <subfield code="e">110005</subfield>
    <subfield code="k">+91-11-45562222</subfield>
    <subfield code="l">-</subfield>
    <subfield code="m">-</subfield>
  </datafield>
  <datafield tag="300" ind1=" " ind2=" ">
    <subfield code="a">I-30,694p.</subfield>
    <subfield code="c">24cm(pbk)</subfield>
  </datafield>
  <datafield tag="942" ind1=" " ind2=" ">
    <subfield code="2">ddc</subfield>
    <subfield code="c">EN</subfield>
    <subfield code="m">INT</subfield>
    <subfield code="h">332.632</subfield>
  </datafield>
  <datafield tag="999" ind1=" " ind2=" ">
    <subfield code="c">95778</subfield>
    <subfield code="d">95778</subfield>
  </datafield>
  <datafield tag="952" ind1=" " ind2=" ">
    <subfield code="0">0</subfield>
    <subfield code="1">0</subfield>
    <subfield code="4">0</subfield>
    <subfield code="7">1</subfield>
    <subfield code="8">NFIC</subfield>
    <subfield code="a">DBAD</subfield>
    <subfield code="b">DBAD</subfield>
    <subfield code="d">2015-12-16</subfield>
    <subfield code="e">DBAD/PUB</subfield>
    <subfield code="g">715.00</subfield>
    <subfield code="l">0</subfield>
    <subfield code="o">332.632 INT</subfield>
    <subfield code="p">EN-98135</subfield>
    <subfield code="r">2015-12-16 00:00:00</subfield>
    <subfield code="t">1</subfield>
    <subfield code="v">715.00</subfield>
    <subfield code="y">EN</subfield>
  </datafield>
  <datafield tag="952" ind1=" " ind2=" ">
    <subfield code="0">0</subfield>
    <subfield code="1">0</subfield>
    <subfield code="4">0</subfield>
    <subfield code="7">0</subfield>
    <subfield code="8">NFIC</subfield>
    <subfield code="a">L</subfield>
    <subfield code="b">L</subfield>
    <subfield code="d">2016-04-06</subfield>
    <subfield code="e">IN1152/23.9.2015/150/16.9.2015/23.10.2015</subfield>
    <subfield code="g">715.00</subfield>
    <subfield code="l">13</subfield>
    <subfield code="m">3</subfield>
    <subfield code="o">332.632 INT</subfield>
    <subfield code="p">B-607049</subfield>
    <subfield code="r">2025-05-01 00:00:00</subfield>
    <subfield code="s">2025-04-11</subfield>
    <subfield code="t">2</subfield>
    <subfield code="v">715.00</subfield>
    <subfield code="y">EN</subfield>
  </datafield>
  <datafield tag="952" ind1=" " ind2=" ">
    <subfield code="0">0</subfield>
    <subfield code="1">0</subfield>
    <subfield code="4">0</subfield>
    <subfield code="7">0</subfield>
    <subfield code="8">NFIC</subfield>
    <subfield code="a">L</subfield>
    <subfield code="b">L</subfield>
    <subfield code="d">2016-04-06</subfield>
    <subfield code="e">IN1152/23.9.2015/150/16.9.2015/23.10.2015</subfield>
    <subfield code="g">715.00</subfield>
    <subfield code="l">11</subfield>
    <subfield code="m">7</subfield>
    <subfield code="o">332.632 INT</subfield>
    <subfield code="p">B-607050</subfield>
    <subfield code="r">2026-04-24 10:53:08</subfield>
    <subfield code="s">2026-04-10</subfield>
    <subfield code="t">2</subfield>
    <subfield code="v">715.00</subfield>
    <subfield code="y">EN</subfield>
  </datafield>
  <datafield tag="952" ind1=" " ind2=" ">
    <subfield code="0">0</subfield>
    <subfield code="1">0</subfield>
    <subfield code="4">0</subfield>
    <subfield code="7">1</subfield>
    <subfield code="8">REF</subfield>
    <subfield code="a">L</subfield>
    <subfield code="b">L</subfield>
    <subfield code="d">2016-04-06</subfield>
    <subfield code="e">IN1152/23.9.2015/150/16.9.2015/23.10.2015</subfield>
    <subfield code="g">715.00</subfield>
    <subfield code="l">0</subfield>
    <subfield code="o">332.632 INT</subfield>
    <subfield code="p">B-607051</subfield>
    <subfield code="r">2016-04-06 00:00:00</subfield>
    <subfield code="t">1</subfield>
    <subfield code="v">715.00</subfield>
    <subfield code="y">EN</subfield>
  </datafield>
  <datafield tag="952" ind1=" " ind2=" ">
    <subfield code="0">0</subfield>
    <subfield code="1">0</subfield>
    <subfield code="4">0</subfield>
    <subfield code="7">0</subfield>
    <subfield code="8">NFIC</subfield>
    <subfield code="a">BL1</subfield>
    <subfield code="b">BL1</subfield>
    <subfield code="d">2016-04-06</subfield>
    <subfield code="e">IN1152/23.9.2015/150/16.9.2015/23.10.2015</subfield>
    <subfield code="g">715.00</subfield>
    <subfield code="l">3</subfield>
    <subfield code="m">3</subfield>
    <subfield code="o">332.632 INT</subfield>
    <subfield code="p">B-607052</subfield>
    <subfield code="r">2023-07-26 00:00:00</subfield>
    <subfield code="s">2023-07-11</subfield>
    <subfield code="t">1</subfield>
    <subfield code="v">715.00</subfield>
    <subfield code="y">EN</subfield>
  </datafield>
  <datafield tag="952" ind1=" " ind2=" ">
    <subfield code="0">0</subfield>
    <subfield code="1">0</subfield>
    <subfield code="4">0</subfield>
    <subfield code="7">0</subfield>
    <subfield code="8">NFIC</subfield>
    <subfield code="a">KGM</subfield>
    <subfield code="b">KGM</subfield>
    <subfield code="d">2016-04-06</subfield>
    <subfield code="e">IN1152/23.9.2015/150/16.9.2015/23.10.2015</subfield>
    <subfield code="g">715.00</subfield>
    <subfield code="l">0</subfield>
    <subfield code="o">332.632 INT</subfield>
    <subfield code="p">B-607053</subfield>
    <subfield code="r">2016-04-06 00:00:00</subfield>
    <subfield code="t">1</subfield>
    <subfield code="v">715.00</subfield>
    <subfield code="y">EN</subfield>
  </datafield>
  <datafield tag="952" ind1=" " ind2=" ">
    <subfield code="0">0</subfield>
    <subfield code="1">0</subfield>
    <subfield code="4">0</subfield>
    <subfield code="7">0</subfield>
    <subfield code="8">NFIC</subfield>
    <subfield code="a">PR</subfield>
    <subfield code="b">PR</subfield>
    <subfield code="d">2016-04-06</subfield>
    <subfield code="e">IN1152/23.9.2015/150/16.9.2015/23.10.2015</subfield>
    <subfield code="g">715.00</subfield>
    <subfield code="l">1</subfield>
    <subfield code="o">332.632 INT</subfield>
    <subfield code="p">B-607054</subfield>
    <subfield code="r">2023-02-28 00:00:00</subfield>
    <subfield code="s">2023-02-10</subfield>
    <subfield code="t">1</subfield>
    <subfield code="v">715.00</subfield>
    <subfield code="y">EN</subfield>
  </datafield>
  <datafield tag="952" ind1=" " ind2=" ">
    <subfield code="0">0</subfield>
    <subfield code="1">0</subfield>
    <subfield code="4">0</subfield>
    <subfield code="7">0</subfield>
    <subfield code="8">NFIC</subfield>
    <subfield code="a">JP</subfield>
    <subfield code="b">JP</subfield>
    <subfield code="d">2016-04-06</subfield>
    <subfield code="e">IN1152/23.9.2015/150/16.9.2015/23.10.2015</subfield>
    <subfield code="g">715.00</subfield>
    <subfield code="l">9</subfield>
    <subfield code="m">2</subfield>
    <subfield code="o">332.632 INT</subfield>
    <subfield code="p">B-607055</subfield>
    <subfield code="r">2021-02-20 00:00:00</subfield>
    <subfield code="s">2021-02-06</subfield>
    <subfield code="t">1</subfield>
    <subfield code="v">715.00</subfield>
    <subfield code="y">EN</subfield>
  </datafield>
  <datafield tag="952" ind1=" " ind2=" ">
    <subfield code="0">0</subfield>
    <subfield code="1">0</subfield>
    <subfield code="4">0</subfield>
    <subfield code="7">0</subfield>
    <subfield code="8">NFIC</subfield>
    <subfield code="a">ZLS</subfield>
    <subfield code="b">ZLS</subfield>
    <subfield code="d">2016-04-06</subfield>
    <subfield code="e">IN1152/23.9.2015/150/16.9.2015/23.10.2015</subfield>
    <subfield code="g">715.00</subfield>
    <subfield code="l">6</subfield>
    <subfield code="m">4</subfield>
    <subfield code="o">332.632 INT</subfield>
    <subfield code="p">B-607056</subfield>
    <subfield code="r">2026-04-25 12:56:43</subfield>
    <subfield code="s">2026-04-01</subfield>
    <subfield code="t">1</subfield>
    <subfield code="v">715.00</subfield>
    <subfield code="y">EN</subfield>
  </datafield>
  <datafield tag="952" ind1=" " ind2=" ">
    <subfield code="0">0</subfield>
    <subfield code="1">0</subfield>
    <subfield code="4">0</subfield>
    <subfield code="7">0</subfield>
    <subfield code="8">NFIC</subfield>
    <subfield code="a">RKP</subfield>
    <subfield code="b">RKP</subfield>
    <subfield code="d">2016-04-06</subfield>
    <subfield code="e">IN1152/23.9.2015/150/16.9.2015/23.10.2015</subfield>
    <subfield code="g">715.00</subfield>
    <subfield code="l">0</subfield>
    <subfield code="o">332.632 INT</subfield>
    <subfield code="p">B-607057</subfield>
    <subfield code="r">2016-04-06 00:00:00</subfield>
    <subfield code="t">1</subfield>
    <subfield code="v">715.00</subfield>
    <subfield code="y">EN</subfield>
  </datafield>
  <datafield tag="952" ind1=" " ind2=" ">
    <subfield code="0">0</subfield>
    <subfield code="1">0</subfield>
    <subfield code="4">0</subfield>
    <subfield code="7">0</subfield>
    <subfield code="8">NFIC</subfield>
    <subfield code="a">ZLS</subfield>
    <subfield code="b">ZLS</subfield>
    <subfield code="d">2016-04-06</subfield>
    <subfield code="e">IN1152/23.9.2015/150/16.9.2015/23.10.2015</subfield>
    <subfield code="g">715.00</subfield>
    <subfield code="l">8</subfield>
    <subfield code="m">11</subfield>
    <subfield code="o">332.632 INT</subfield>
    <subfield code="p">B-607058</subfield>
    <subfield code="q">2026-07-06</subfield>
    <subfield code="r">2026-06-22 17:04:36</subfield>
    <subfield code="s">2026-06-22</subfield>
    <subfield code="t">1</subfield>
    <subfield code="v">715.00</subfield>
    <subfield code="y">EN</subfield>
  </datafield>
  <datafield tag="952" ind1=" " ind2=" ">
    <subfield code="0">0</subfield>
    <subfield code="1">0</subfield>
    <subfield code="4">0</subfield>
    <subfield code="7">0</subfield>
    <subfield code="8">NFIC</subfield>
    <subfield code="a">BL3</subfield>
    <subfield code="b">BL3</subfield>
    <subfield code="d">2016-04-06</subfield>
    <subfield code="e">IN1152/23.9.2015/150/16.9.2015/23.10.2015</subfield>
    <subfield code="g">715.00</subfield>
    <subfield code="l">0</subfield>
    <subfield code="o">332.632 INT</subfield>
    <subfield code="p">B-607059</subfield>
    <subfield code="r">2016-04-06 00:00:00</subfield>
    <subfield code="t">1</subfield>
    <subfield code="v">715.00</subfield>
    <subfield code="y">EN</subfield>
  </datafield>
  <datafield tag="952" ind1=" " ind2=" ">
    <subfield code="0">0</subfield>
    <subfield code="1">0</subfield>
    <subfield code="4">0</subfield>
    <subfield code="7">0</subfield>
    <subfield code="8">NFIC</subfield>
    <subfield code="a">NR</subfield>
    <subfield code="b">NR</subfield>
    <subfield code="d">2016-04-06</subfield>
    <subfield code="e">IN1152/23.9.2015/150/16.9.2015/23.10.2015</subfield>
    <subfield code="g">715.00</subfield>
    <subfield code="l">0</subfield>
    <subfield code="o">332.632 INT</subfield>
    <subfield code="p">B-607060</subfield>
    <subfield code="r">2016-04-06 00:00:00</subfield>
    <subfield code="t">1</subfield>
    <subfield code="v">715.00</subfield>
    <subfield code="y">EN</subfield>
  </datafield>
  <datafield tag="952" ind1=" " ind2=" ">
    <subfield code="0">0</subfield>
    <subfield code="1">0</subfield>
    <subfield code="4">0</subfield>
    <subfield code="7">0</subfield>
    <subfield code="8">NFIC</subfield>
    <subfield code="a">BN</subfield>
    <subfield code="b">BN</subfield>
    <subfield code="d">2016-04-06</subfield>
    <subfield code="e">IN1152/23.9.2015/150/16.9.2015/23.10.2015</subfield>
    <subfield code="g">715.00</subfield>
    <subfield code="l">0</subfield>
    <subfield code="o">332.632 INT</subfield>
    <subfield code="p">B-607061</subfield>
    <subfield code="r">2016-04-06 00:00:00</subfield>
    <subfield code="t">1</subfield>
    <subfield code="v">715.00</subfield>
    <subfield code="y">EN</subfield>
  </datafield>
</record>
